LEADER 01110nam--2200361---450- 001 990002704960203316 005 20080919110536.0 035 $a000270496 035 $aUSA01000270496 035 $a(ALEPH)000270496USA01 035 $a000270496 100 $a20060126d1976----km-y0itay0103----ba 101 $aita 102 $aIT 105 $aa|||||||001yy 200 1 $a<> popolazione di Imola e del suo territorio nel 13. e 14. secolo$ein appendice L'estimo di Imola del 1312$fAntonio Ivan Pini 210 $aBologna$cPatron$dc1976 215 $a210 p.$cill.$d21 cm. 410 0$12001 454 1$12001 461 1$1001-------$12001 607 $aImola$xPopolazione$zSec. 13.-14.$xFonti documentarie 676 $a312 700 1$aPINI,$bAntonio Ivan$033328 801 0$aIT$bsalbc$gISBD 912 $a990002704960203316 951 $aFC M 1695$bDLM$cFC M 959 $aBK 969 $aDILAM 979 $aDILAM$b90$c20060126$lUSA01$h1434 979 $aDILAM$b90$c20080919$lUSA01$h1105 996 $aPopolazione di Imola e del suo territorio nel 13. e 14. secolo$9298930 997 $aUNISA LEADER 02278oam 2200601Ia 450 001 9910701241403321 005 20140829140623.0 035 $a(CKB)5470000002416645 035 $a(OCoLC)768126890 035 $a(EXLCZ)995470000002416645 100 $a20111212d2011 ua 0 101 0 $aeng 135 $aurmn||||||||| 181 $ctxt$2rdacontent 182 $cc$2rdamedia 183 $acr$2rdacarrier 200 00$aGeophysical, geochemical, and mineralogical data from the Pebble Cu-Au-Mo porphyry deposit area, southwest Alaska$b[electronic resource] $econtributions to assessment techniques for concealed mineral resources /$fby E.D. Anderson ... [and others] 205 $aVersion 1.0. 210 1$a[Reston, VA] :$cU.S. Dept. of the Interior, U.S. Geological Survey,$d2011. 215 $a1 online resource (viii, 46 pages, 2 plates) $ccolor illustrations, color maps 225 1 $aData series ;$v608 300 $aTitle from title screen (viewed on Dec. 12, 2011). 320 $aIncludes bibliographical references (pages 39-42). 517 $aGeophysical, geochemical, and mineralogical data from the Pebble Cu-Au-Mo porphyry deposit area, southwest Alaska 606 $aPorphyry$zAlaska 606 $aMines and mineral resources$zAlaska 606 $aGeochemistry$zAlaska 606 $aProspecting$zAlaska$xGeophysical methods 606 $aGeochemistry$2fast 606 $aMines and mineral resources$2fast 606 $aPorphyry$2fast 606 $aProspecting$xGeophysical methods$2fast 607 $aAlaska$2fast 615 0$aPorphyry 615 0$aMines and mineral resources 615 0$aGeochemistry 615 0$aProspecting$xGeophysical methods. 615 7$aGeochemistry. 615 7$aMines and mineral resources. 615 7$aPorphyry. 615 7$aProspecting$xGeophysical methods. 701 $aAnderson$b E. D$g(Eric D.)$01385067 712 02$aGeological Survey (U.S.) 801 0$bGPO 801 1$bGPO 801 2$bCLS 801 2$bOCLCQ 801 2$bOCLCF 801 2$bGPO 906 $aBOOK 912 $a9910701241403321 996 $aGeophysical, geochemical, and mineralogical data from the Pebble Cu-Au-Mo porphyry deposit area, southwest Alaska$93531454 997 $aUNINA